[Event "EYCC 2024 - G18"]
[Site "?"]
[Date "2024.08.26"]
[Round "4.9"]
[White "Deladerriere, Calypso"]
[Black "Bondar, Daria"]
[Result "1-0"]
[BlackElo "1962"]
[WhiteElo "2044"]
[LiveChessVersion "1.4.8"]

1. e4 {[%clk 1:30:53]} e5 {[%clk 1:30:56]} 2. Nf3 {[%clk 1:31:10]} Nc6
{[%clk 1:31:22]} 3. Bc4 {[%clk 1:31:22]} Bc5 {[%clk 1:31:38]} 4. c3
{[%clk 1:31:36]} Nf6 {[%clk 1:31:59]} 5. d4 {[%clk 1:31:52]} exd4
{[%clk 1:32:14]} 6. e5 {[%clk 1:32:04]} d5 {[%clk 1:32:33]} 7. Bb5
{[%clk 1:32:15]} Ne4 {[%clk 1:32:58]} 8. cxd4 {[%clk 1:32:24]} Bb6
{[%clk 1:33:11]} 9. Nc3 {[%clk 1:32:35]} O-O {[%clk 1:33:13]} 10. Be3
{[%clk 1:32:40]} Bg4 {[%clk 1:25:35]} 11. h3 {[%clk 1:32:13]} Bh5
{[%clk 1:25:41]} 12. Qc2 {[%clk 1:31:49]} Bg6 {[%clk 1:01:45]} 13. Qb3
{[%clk 1:11:00]} Ne7 {[%clk 0:55:03]} 14. Nh4 {[%clk 1:06:11]} Nxc3
{[%clk 0:47:04]} 15. bxc3 {[%clk 1:00:50]} Be4 {[%clk 0:47:01]} 16. O-O
{[%clk 0:56:55]} Nc6 {[%clk 0:35:39]} 17. Bxc6 {[%clk 0:54:45]} bxc6
{[%clk 0:35:43]} 18. Nf3 {[%clk 0:54:58]} Qd7 {[%clk 0:28:36]} 19. Nd2
{[%clk 0:47:17]} Bd3 {[%clk 0:28:54]} 20. Rfd1 {[%clk 0:46:41]} Rab8
{[%clk 0:26:31]} 21. Qa3 {[%clk 0:43:21]} f6 {[%clk 0:25:11]} 22. exf6
{[%clk 0:41:48]} Rxf6 {[%clk 0:25:17]} 23. Nf3 {[%clk 0:42:03]} Qf5
{[%clk 0:20:41]} 24. Ne5 {[%clk 0:40:42]} Bc2 {[%clk 0:20:57]} 25. Rd2
{[%clk 0:40:11]} Re8 {[%clk 0:14:59]} 26. g4 {[%clk 0:38:19]} Qe4
{[%clk 0:14:53]} 27. Re1 {[%clk 0:38:26]} h5 {[%clk 0:10:06]} 28. Qc1
{[%clk 0:38:05]} Ba4 {[%clk 0:09:10]} 29. Bg5 {[%clk 0:36:19]} Qh7
{[%clk 0:09:34]} 30. Bxf6 {[%clk 0:36:08]} gxf6 {[%clk 0:10:03]} 31. Nd3
{[%clk 0:32:27]} Rf8 {[%clk 0:10:08]} 32. gxh5 {[%clk 0:31:08]} Qxh5
{[%clk 0:10:17]} 33. Kh2 {[%clk 0:30:48]} Bb5 {[%clk 0:09:45]} 34. Re7
{[%clk 0:28:58]} Kh8 {[%clk 0:09:20]} 35. Qe1 {[%clk 0:28:02]} Ba5
{[%clk 0:08:15]} 36. Nb4 {[%clk 0:20:58]} Rg8 {[%clk 0:08:03]} 37. f4
{[%clk 0:18:07]} c5 {[%clk 0:04:59]} 38. dxc5 {[%clk 0:17:26]} c6
{[%clk 0:04:09]} 39. Rg2 {[%clk 0:17:11]} Rxg2+ {[%clk 0:02:55]} 40. Kxg2
{[%clk 0:17:35]} Bxb4 {[%clk 0:03:22]} 41. cxb4 {[%clk 0:16:01]} Qg6+
{[%clk 0:03:24]} 42. Kh1 {[%clk 0:15:51]} Bd3 {[%clk 0:03:49]} 43. Re8+
{[%clk 0:15:47]} Kg7 {[%clk 0:04:13]} 44. Qe7+ {[%clk 0:16:02]} 1-0

[Event "EYCC 2024 - G18"]
[Site "?"]
[Date "2024.08.26"]
[Round "4.10"]
[White "Tsakona, Maria"]
[Black "Kosak, Karolina"]
[Result "1-0"]
[BlackElo "1833"]
[WhiteElo "2031"]
[LiveChessVersion "1.4.8"]

1. e4 {[%clk 1:30:56]} c5 {[%clk 1:30:58]} 2. Nf3 {[%clk 1:31:21]} Nc6
{[%clk 1:31:13]} 3. d4 {[%clk 1:29:51]} cxd4 {[%clk 1:31:41]} 4. Nxd4
{[%clk 1:30:14]} Nf6 {[%clk 1:32:00]} 5. f3 {[%clk 1:30:23]} g6 {[%clk 1:29:36]}
6. c4 {[%clk 1:28:11]} Bg7 {[%clk 1:29:53]} 7. Be3 {[%clk 1:26:40]} O-O
{[%clk 1:28:40]} 8. Qd2 {[%clk 1:24:54]} a6 {[%clk 1:27:50]} 9. Nc3
{[%clk 1:24:23]} e6 {[%clk 1:23:30]} 10. Nxc6 {[%clk 1:15:27]} dxc6
{[%clk 1:20:53]} 11. O-O-O {[%clk 1:13:48]} Qa5 {[%clk 1:18:22]} 12. Kb1
{[%clk 1:07:06]} b5 {[%clk 1:16:35]} 13. c5 {[%clk 0:58:29]} Bb7 {[%clk 1:12:41]}
14. a3 {[%clk 0:47:47]} Rad8 {[%clk 1:08:01]} 15. Bd3 {[%clk 0:45:46]} Nd7
{[%clk 1:03:03]} 16. f4 {[%clk 0:40:05]} Bxc3 {[%clk 1:01:59]} 17. Qxc3
{[%clk 0:39:54]} Qxc3 {[%clk 1:02:27]} 18. bxc3 {[%clk 0:40:17]} e5
{[%clk 0:59:38]} 19. f5 {[%clk 0:33:57]} gxf5 {[%clk 0:45:20]} 20. exf5
{[%clk 0:34:18]} Nf6 {[%clk 0:41:30]} 21. g4 {[%clk 0:29:34]} Nd5
{[%clk 0:39:46]} 22. Bd2 {[%clk 0:29:16]} f6 {[%clk 0:39:32]} 23. Kc2
{[%clk 0:27:53]} Rfe8 {[%clk 0:36:26]} 24. Rde1 {[%clk 0:26:37]} Kf7
{[%clk 0:34:22]} 25. h4 {[%clk 0:25:28]} Bc8 {[%clk 0:33:07]} 26. Be4
{[%clk 0:24:06]} Ne7 {[%clk 0:29:00]} 27. Ref1 {[%clk 0:23:42]} Bd7
{[%clk 0:28:05]} 28. Rhg1 {[%clk 0:22:18]} Rg8 {[%clk 0:28:02]} 29. Bc1
{[%clk 0:21:57]} Be8 {[%clk 0:22:58]} 30. Rg2 {[%clk 0:15:06]} Bd7
{[%clk 0:20:42]} 31. Rd1 {[%clk 0:14:32]} Bc8 {[%clk 0:19:17]} 32. Rf1
{[%clk 0:13:35]} Bd7 {[%clk 0:19:22]} 33. Kb2 {[%clk 0:13:20]} Be8
{[%clk 0:16:05]} 34. Bc2 {[%clk 0:11:23]} Nd5 {[%clk 0:15:23]} 35. g5
{[%clk 0:11:08]} fxg5 {[%clk 0:12:09]} 36. hxg5 {[%clk 0:11:15]} Bd7
{[%clk 0:11:52]} 37. Rh2 {[%clk 0:10:29]} Rh8 {[%clk 0:11:13]} 38. g6+
{[%clk 0:05:20]} hxg6 {[%clk 0:11:24]} 39. fxg6+ {[%clk 0:05:44]} Kg8
{[%clk 0:08:36]} 40. Rhf2 {[%clk 0:04:01]} Be8 {[%clk 0:07:22]} 41. Bg5
{[%clk 0:02:41]} Rd7 {[%clk 0:07:29]} 42. Rf8+ {[%clk 0:02:55]} Kg7
{[%clk 0:07:56]} 43. Rxh8 {[%clk 0:03:18]} Kxh8 {[%clk 0:08:17]} 44. Rf8+
{[%clk 0:03:42]} Kg7 {[%clk 0:08:39]} 45. Rxe8 {[%clk 0:04:04]} 1-0

[Event "EYCC 2024 - G18"]
[Site "?"]
[Date "2024.08.26"]
[Round "4.11"]
[White "Jovanovic, Anja"]
[Black "Maton, Emily"]
[Result "1/2-1/2"]
[BlackElo "2005"]
[WhiteElo "1870"]
[LiveChessVersion "1.4.8"]

1. e4 {[%clk 1:30:57]} c5 {[%clk 1:30:57]} 2. Nf3 {[%clk 1:31:12]} Nc6
{[%clk 1:31:23]} 3. Bb5 {[%clk 1:31:37]} g6 {[%clk 1:31:47]} 4. Bxc6
{[%clk 1:32:03]} dxc6 {[%clk 1:32:13]} 5. h3 {[%clk 1:32:28]} Bg7
{[%clk 1:32:36]} 6. d3 {[%clk 1:32:54]} e5 {[%clk 1:32:42]} 7. Be3
{[%clk 1:31:57]} b6 {[%clk 1:33:05]} 8. a4 {[%clk 1:31:50]} a5 {[%clk 1:33:26]}
9. O-O {[%clk 1:31:28]} Ne7 {[%clk 1:32:29]} 10. Qc1 {[%clk 1:31:00]} h6
{[%clk 1:23:57]} 11. Na3 {[%clk 1:26:26]} g5 {[%clk 1:20:13]} 12. Nc4
{[%clk 1:24:58]} Ng6 {[%clk 1:18:43]} 13. b4 {[%clk 1:23:55]} axb4
{[%clk 1:13:52]} 14. a5 {[%clk 1:24:07]} b5 {[%clk 1:06:51]} 15. Nb6
{[%clk 1:16:01]} Rxa5 {[%clk 0:56:36]} 16. Nxc8 {[%clk 1:12:28]} Rxa1
{[%clk 0:56:57]} 17. Qxa1 {[%clk 1:12:57]} Qxc8 {[%clk 0:57:21]} 18. Bxc5
{[%clk 1:13:19]} f6 {[%clk 0:43:55]} 19. d4 {[%clk 1:10:40]} g4 {[%clk 0:34:28]}
20. Nd2 {[%clk 0:40:11]} gxh3 {[%clk 0:31:41]} 21. g3 {[%clk 0:40:31]} h5
{[%clk 0:19:54]} 22. Qa7 {[%clk 0:39:13]} Qd7 {[%clk 0:18:00]} 23. Qa8+
{[%clk 0:38:07]} Kf7 {[%clk 0:18:05]} 24. Qa2+ {[%clk 0:38:32]} Qe6
{[%clk 0:11:59]} 25. d5 {[%clk 0:38:26]} cxd5 {[%clk 0:12:19]} 26. exd5
{[%clk 0:38:53]} Qd7 {[%clk 0:12:30]} 27. Qb3 {[%clk 0:36:35]} Kg8
{[%clk 0:07:51]} 28. d6+ {[%clk 0:34:44]} Kh7 {[%clk 0:08:16]} 29. Qd3
{[%clk 0:25:17]} Qc6 {[%clk 0:07:25]} 30. Ne4 {[%clk 0:24:46]} Qd7
{[%clk 0:04:08]} 31. Qf3 {[%clk 0:23:29]} Qg4 {[%clk 0:04:23]} 32. Qxg4
{[%clk 0:22:03]} hxg4 {[%clk 0:04:50]} 33. d7 {[%clk 0:22:20]} Rd8
{[%clk 0:04:17]} 34. Rd1 {[%clk 0:22:47]} Nf8 {[%clk 0:04:27]} 35. Bxf8
{[%clk 0:20:47]} Bxf8 {[%clk 0:04:51]} 36. Nxf6+ {[%clk 0:20:02]} Kg6
{[%clk 0:04:56]} 37. Nxg4 {[%clk 0:17:35]} Kf5 {[%clk 0:04:43]} 38. f3
{[%clk 0:17:02]} Bc5+ {[%clk 0:04:42]} 39. Kh2 {[%clk 0:17:24]} Bd4
{[%clk 0:04:52]} 40. Rb1 {[%clk 0:17:05]} Bc3 {[%clk 0:03:51]} 41. Rd1
{[%clk 0:16:28]} Bd4 {[%clk 0:04:14]} 1/2-1/2

[Event "EYCC 2024 - G18"]
[Site "?"]
[Date "2024.08.26"]
[Round "4.12"]
[White "Kovacs, Veronika"]
[Black "Sipos, Stefania"]
[Result "1-0"]
[BlackElo "1993"]
[WhiteElo "1781"]
[LiveChessVersion "1.4.8"]

1. d4 {[%clk 1:30:56]} Nf6 {[%clk 1:30:54]} 2. Bf4 {[%clk 1:31:20]} g6
{[%clk 1:31:08]} 3. Nc3 {[%clk 1:31:43]} d5 {[%clk 1:31:20]} 4. e3
{[%clk 1:32:05]} Bg7 {[%clk 1:31:14]} 5. h4 {[%clk 1:32:26]} h5 {[%clk 1:30:45]}
6. Nf3 {[%clk 1:32:50]} O-O {[%clk 1:29:21]} 7. Ne5 {[%clk 1:33:11]} c5
{[%clk 1:26:21]} 8. Qd2 {[%clk 1:33:21]} cxd4 {[%clk 1:14:18]} 9. exd4
{[%clk 1:33:42]} Nc6 {[%clk 1:11:35]} 10. f3 {[%clk 1:32:57]} Nd7
{[%clk 0:41:20]} 11. O-O-O {[%clk 0:47:09]} Ndxe5 {[%clk 0:34:10]} 12. dxe5
{[%clk 0:47:30]} d4 {[%clk 0:29:04]} 13. Nb5 {[%clk 0:45:55]} Nxe5
{[%clk 0:25:05]} 14. Qxd4 {[%clk 0:38:02]} Qxd4 {[%clk 0:23:19]} 15. Nxd4
{[%clk 0:38:25]} Rd8 {[%clk 0:14:42]} 16. Bb5 {[%clk 0:33:55]} a6
{[%clk 0:12:13]} 17. Be2 {[%clk 0:28:14]} Bd7 {[%clk 0:07:20]} 18. Nb3
{[%clk 0:21:42]} Bf6 {[%clk 0:01:26]} 19. g3 {[%clk 0:15:34]} Bc6
{[%clk 0:01:03]} 20. Nd2 {[%clk 0:13:40]} Rac8 {[%clk 0:00:49]} 21. Ne4
{[%clk 0:11:27]} Bg7 {[%clk 0:00:50]} 22. Rhf1 {[%clk 0:05:56]} Nd7
{[%clk 0:00:40]} 23. c3 {[%clk 0:05:00]} e5 {[%clk 0:00:40]} 24. Be3
{[%clk 0:04:28]} Nf6 {[%clk 0:00:38]} 25. Nd6 {[%clk 0:03:15]} Ra8
{[%clk 0:00:40]} 26. Bc4 {[%clk 0:03:13]} Rd7 {[%clk 0:00:39]} 27. Bb6
{[%clk 0:02:09]} Bf8 {[%clk 0:00:43]} 28. Ne4 {[%clk 0:01:48]} Rxd1+
{[%clk 0:00:35]} 29. Kxd1 {[%clk 0:02:04]} Nd5 {[%clk 0:00:41]} 30. Bxd5
{[%clk 0:02:12]} 1-0